000
00312nam a2200133Ia 4500
005
20251222155210.0
008
251222s9999||||xx |||||||||||||| ||spa||
082
_a
MEQ. 76
100
_a
ZARATE, Eduardo.
245
0
_a
Vademecum Servicio de Medicinas
250
_a
1ra. ed.
264
_b
Editores
942
_c
LIB
999
_c
40269
_d
40269